00762nam a2200157Ia 4500008004100000020001800041082002300059100003800082245010900120260002200229300001000251440004800261650016600309952011200475999001700587120622s9999 xx 000 0 und d a968-7798-12-2 a378.0972 A571 v.20 aOcegueda Hernández, Juan Manuel aIntegración económica regional y educación superior en México / Juan Manuel Ocegueda Hernández aMéxico : ANUIES a143 p aTemas de hoy en la educación superior; 20 a1. TRATADO DE LIBRE COMERCIO DE AMERICA DEL NORTE (TLCAN) \ 2. AMERICA DEL NORTE - INTEGRACIÓN ECONÓMICA \ 3. EDUCACIÓN SUPERIOR - AMÉRICA DEL NORTEÌ 00104070a22b22d2009-01-21l1o378.0972 A571 V.20p01 011309r2016-10-24s2016-10-24t1w2012-06-24yLB c60680d60680